| 000 | 00729cam a22002531 4500 | ||
|---|---|---|---|
| 001 | 31361 | ||
| 003 | BD-RjUL | ||
| 005 | 20211209051706.0 | ||
| 008 | 140415s1966 nyu b 001 0 eng | ||
| 035 | _a(BD-RjUL)31448 | ||
| 035 | _a(OCoLC)530878 | ||
| 040 |
_aDLC _cPPD _dOCoLC _dNBrockU _dDLC _dBD-RjUL _beng |
||
| 041 | _aeng | ||
| 082 |
_a108 _bHAV 1966 |
||
| 100 | 1 |
_aHammer, Louis. _d1931- _995436 |
|
| 245 | 1 | 0 |
_aValue and man : _breadings in philosophy / _cby Louis Z. Hammer. |
| 260 |
_aNew York : _bMcGraw-Hill, _cc1966 |
||
| 300 |
_axiv, 445 p. ; _c26 cm. |
||
| 504 | _aBibliographical footnotes & Includes Index. | ||
| 650 | 0 |
_aPhilosophy. _995437 |
|
| 942 |
_2ddc _cBK |
||
| 999 |
_c31361 _d31361 |
||